[Event "Scarborough CC ch"]
[Site "Toronto CAN"]
[Date "2012.03.22"]
[Round "1"]
[White "Picana, Andrew"]
[Black "Bellissimo, Joseph"]
[Result "1-0"]
[WhiteElo "2044"]
[BlackElo "1949"]
[PlyCount "143"]
[GameId "2160767909510039"]
[EventDate "2012.03.22"]
[EventType "tourn"]
[EventRounds "9"]
[EventCountry "CAN"]
[SourceTitle "EXT 2022"]
[Source "ChessBase"]
[SourceDate "2021.10.06"]
[SourceVersion "1"]
[SourceVersionDate "2021.10.06"]
[SourceQuality "1"]

1. c4 e6 2. Nc3 d5 3. d4 Nf6 4. Nf3 Be7 5. Bf4 O-O 6. e3 Nbd7 7. Bd3 b6 8. cxd5 exd5 9. Rc1 Bb7 10. O-O c5 11. h3 Rc8 12. a3 a6 13. Qe2 c4 14. Bf5 g6 15. Bb1 Re8 16. Rfd1 Bf8 17. Bg5 Bg7 18. Nh2 b5 19. Ng4 Qb6 20. Qf3 Nxg4 21. Qxg4 Nf6 22. Qh4 Qe6 23. Bh6 Ne4 24. Bxe4 dxe4 25. Bxg7 Kxg7 26. d5 Qe5 27. Rd4 f5 28. d6 Rcd8 29. Rcd1 Rd7 30. g4 Re6 31. gxf5 gxf5 32. Kh1 Rdxd6 33. Ne2 Rxd4 34. Rxd4 Bc6 35. Nf4 Rd6 36. Qg5+ Kh8 37. Rxd6 Qxd6 38. Qxf5 Bd7 39. Qf7 a5 40. a4 bxa4 41. Qxc4 Qf6 42. Qc5 Be8 43. Kg2 Qg7+ 44. Kf1 Bf7 45. Qd4 Qxd4 46. exd4 Kg7 47. Ke2 Kf6 48. Ke3 Kf5 49. Ne2 Be6 50. Ng3+ Kg5 51. Nxe4+ Kh4 52. Kf4 h6 53. Ke5 Bxh3 54. f4 Bd7 55. f5 h5 56. f6 Be8 57. d5 Kg4 58. d6 h4 59. d7 Bxd7 60. f7 h3 61. Nf2+ Kg5 62. f8=Q h2 63. Qf4+ Kg6 64. Qxh2 a3 65. bxa3 a4 66. Qf4 Kg7 67. Ne4 Be8 68. Qf6+ Kg8 69. Qe7 Bf7 70. Kf6 Kh8 71. Ng5 Bg8 72. Qg7# 1-0

[Event "Scarborough CC ch"]
[Site "Toronto CAN"]
[Date "2012.03.22"]
[Round "1"]
[White "Southam, David"]
[Black "Manalo, Pepin"]
[Result "1-0"]
[WhiteElo "2222"]
[BlackElo "1857"]
[PlyCount "73"]
[GameId "2160767909510040"]
[EventDate "2012.03.22"]
[EventType "tourn"]
[EventRounds "9"]
[EventCountry "CAN"]
[SourceTitle "EXT 2022"]
[Source "ChessBase"]
[SourceDate "2021.10.06"]
[SourceVersion "1"]
[SourceVersionDate "2021.10.06"]
[SourceQuality "1"]

1. d4 Nf6 2. c4 e6 3. g3 c5 4. d5 exd5 5. cxd5 d6 6. Nc3 g6 7. Bg2 Bg7 8. Nf3 O-O 9. O-O Re8 10. Nd2 a6 11. a4 Qe7 12. Nc4 Nbd7 13. h3 Rb8 14. Bf4 Ne5 15. Nxe5 dxe5 16. Bg5 h6 17. d6 Qd7 18. Bxf6 Bxf6 19. Ne4 Kg7 20. Nxc5 Qf5 21. e4 Qg5 22. h4 Qg4 23. d7 Bxd7 24. Nxd7 Qe6 25. Nxb8 Rxb8 26. Rc1 Rd8 27. Qc2 Rd4 28. Rfd1 Rb4 29. Rd3 Qb6 30. b3 Qe6 31. Qc8 Qb6 32. Qc5 Rxb3 33. Qxb6 Rxb6 34. Rc7 Rb1+ 35. Bf1 Rb6 36. Rdd7 h5 37. a5 1-0

[Event "Scarborough CC ch"]
[Site "Toronto CAN"]
[Date "2012.03.29"]
[Round "2"]
[White "Bellissimo, Joseph"]
[Black "Paterson, Jim"]
[Result "1-0"]
[WhiteElo "1916"]
[BlackElo "1822"]
[PlyCount "97"]
[GameId "2160767909510041"]
[EventDate "2012.03.22"]
[EventType "tourn"]
[EventRounds "9"]
[EventCountry "CAN"]
[SourceTitle "EXT 2022"]
[Source "ChessBase"]
[SourceDate "2021.10.06"]
[SourceVersion "1"]
[SourceVersionDate "2021.10.06"]
[SourceQuality "1"]

1. e4 e5 2. Nf3 Nf6 3. Nxe5 d6 4. Nf3 Nxe4 5. Nc3 Qe7 6. Be2 Nc6 7. O-O Nxc3 8. dxc3 Be6 9. Bb5 O-O-O 10. Bxc6 bxc6 11. Re1 Qd7 12. Nd4 d5 13. Qe2 Kb7 14. Nxe6 Re8 15. Qg4 Rxe6 16. Be3 c5 17. Rad1 Rd6 18. Qf3 c6 19. Bxc5 Rf6 20. Qe3 Bxc5 21. Qxc5 Re8 22. Qb4+ Ka8 23. c4 Rxe1+ 24. Qxe1 Re6 25. Qd2 d4 26. c3 c5 27. cxd4 cxd4 28. h3 Rd6 29. c5 Rd5 30. Qb4 Qc6 31. Rxd4 Qxc5 32. Qxc5 Rxc5 33. Rd8+ Kb7 34. Rd7+ Rc7 35. Rxc7+ Kxc7 36. Kf1 Kc6 37. Ke2 Kc5 38. Kd3 a5 39. Kc3 f5 40. b3 g5 41. a3 h5 42. b4+ axb4+ 43. axb4+ Kd5 44. Kd3 h4 45. b5 g4 46. b6 Kc6 47. Ke3 Kxb6 48. Kf4 gxh3 49. gxh3 1-0

[Event "Scarborough CC ch"]
[Site "Toronto CAN"]
[Date "2012.03.29"]
[Round "2"]
[White "Lin, Tony (Juntao)"]
[Black "Southam, David"]
[Result "1-0"]
[WhiteElo "2042"]
[BlackElo "2222"]
[PlyCount "56"]
[GameId "2160767909510042"]
[EventDate "2012.03.22"]
[EventType "tourn"]
[EventRounds "9"]
[EventCountry "CAN"]

1. d4 e6 2. Nc3 d5 3. e4 Bb4 4. e5 c5 5. a3 Bxc3+ 6. bxc3 Ne7 7. h4 Bd7 8. h5 h6 9. Qg4 Nf5 10. Bd3 O-O 11. Nf3 Kh8 12. Qf4 f6 13. g4 fxe5 14. Nxe5 Ne7 15. Qg3 Nbc6 16. Ng6+ Nxg6 17. hxg6 c4 18. Qh2 Qb8 19. Qh3 Rf4 20. Bxf4 Qxf4 21. Be2 e5 22. Qe3 Qxe3 23. fxe3 Kg8 24. e4 Be6 25. O-O-O exd4 26. cxd4 Ne7 27. Bf3 Rd8 28. exd5 Bxd5 1-0

[Event "Scarborough CC ch"]
[Site "Toronto CAN"]
[Date "2012.03.29"]
[Round "2"]
[White "Manalo, Pepin"]
[Black "Krupka, David"]
[Result "0-1"]
[WhiteElo "1857"]
[BlackElo "2009"]
[PlyCount "78"]
[GameId "2160767909510043"]
[EventDate "2012.03.22"]
[EventType "tourn"]
[EventRounds "9"]
[EventCountry "CAN"]
[SourceTitle "EXT 2022"]
[Source "ChessBase"]
[SourceDate "2021.10.06"]
[SourceVersion "1"]
[SourceVersionDate "2021.10.06"]
[SourceQuality "1"]

1. e4 c6 2. d4 d5 3. Nc3 dxe4 4. Nxe4 Nf6 5. Nxf6+ exf6 6. Nf3 Bd6 7. Be3 O-O 8. Bd3 Re8 9. Qd2 a5 10. O-O-O Be6 11. c4 Nd7 12. Qc2 Nf8 13. h3 b5 14. c5 Be7 15. Be4 Bd5 16. Bxd5 Qxd5 17. b3 Ne6 18. Rhe1 Qd7 19. Qf5 g6 20. Qe4 Nc7 21. Qd3 b4 22. Qc4 Nd5 23. Rd3 a4 24. Kd2 Bf8 25. Rc1 Qe7 26. g3 Qe4 27. Nh2 Qg2 28. Nf1 f5 29. Re1 f4 30. gxf4 Nxf4 31. Kd1 Qf3+ 32. Kc2 Nxd3 33. Qxd3 axb3+ 34. Qxb3 Ra3 35. Qxb4 Rxa2+ 36. Kb3 Qd5+ 37. Kc3 Rea8 38. Nd2 R8a3+ 39. Nb3 Ra4 0-1

[Event "Scarborough CC ch"]
[Site "Toronto CAN"]
[Date "2012.03.29"]
[Round "2"]
[White "Posaratnanathan, Juliaan"]
[Black "Armstrong, Robert J"]
[Result "1-0"]
[WhiteElo "1944"]
[BlackElo "1683"]
[PlyCount "48"]
[GameId "2160767909510044"]
[EventDate "2012.03.22"]
[EventType "tourn"]
[EventRounds "9"]
[EventCountry "CAN"]
[SourceTitle "EXT 2022"]
[Source "ChessBase"]
[SourceDate "2021.10.06"]
[SourceVersion "1"]
[SourceVersionDate "2021.10.06"]
[SourceQuality "1"]

1. e4 g6 2. d4 Bg7 3. Nc3 c5 4. Nf3 Nc6 5. d5 Nd4 6. Be3 Nxf3+ 7. gxf3 Bxc3+ 8. bxc3 Qa5 9. Qd2 d6 10. h4 h5 11. c4 Qa3 12. Bd3 Nf6 13. Ke2 Nd7 14. Rhb1 Ne5 15. Rb3 Qa6 16. Qc3 O-O 17. Rab1 b6 18. Bh6 Bh3 19. f4 Qc8 20. fxe5 Qg4+ 21. Kd2 Kh7 22. Be2 Qxh4 23. Bxf8 Rxf8 24. Qxh3 Qxe4 1-0

[Event "Scarborough CC ch"]
[Site "Toronto CAN"]
[Date "2012.03.29"]
[Round "2"]
[White "Song, Lin"]
[Black "Picana, Andrew"]
[Result "1/2-1/2"]
[WhiteElo "1901"]
[BlackElo "2044"]
[PlyCount "87"]
[GameId "2160767909510045"]
[EventDate "2012.03.22"]
[EventType "tourn"]
[EventRounds "9"]
[EventCountry "CAN"]
[SourceTitle "EXT 2022"]
[Source "ChessBase"]
[SourceDate "2021.10.06"]
[SourceVersion "1"]
[SourceVersionDate "2021.10.06"]
[SourceQuality "1"]

1. e4 e5 2. Nf3 Nc6 3. Nc3 Nf6 4. g3 Bc5 5. Bg2 Bb6 6. O-O O-O 7. d3 h6 8. Na4 d6 9. Nxb6 axb6 10. h3 Be6 11. a3 Qe7 12. Be3 Rfd8 13. c4 Nh7 14. Nd2 f5 15. f4 exf4 16. Bxf4 Rf8 17. b4 fxe4 18. Nxe4 Qd7 19. Kh2 d5 20. Nc3 dxc4 21. Re1 Nf6 22. Nb5 Bf7 23. Nxc7 Rac8 24. Nb5 Rfe8 25. Nd6 Rxe1 26. Qxe1 Rd8 27. Nxf7 Qxf7 28. dxc4 Qxc4 29. Qf2 Qc3 30. Qa2+ Kh8 31. Rc1 Qd3 32. Bxc6 bxc6 33. Rxc6 Ra8 34. Rc2 Ne4 35. Re2 Rf8 36. Re3 Qd4 37. Qe2 Nf6 38. Be5 Qd8 39. Bf4 Qa8 40. Bd6 Rc8 41. Be5 Qa4 42. Rc3 Re8 43. Re3 Rc8 44. Rc3 1/2-1/2

[Event "Scarborough CC ch"]
[Site "Toronto CAN"]
[Date "2012.04.05"]
[Round "3"]
[White "Armstrong, Robert J"]
[Black "Manalo, Pepin"]
[Result "0-1"]
[WhiteElo "1683"]
[BlackElo "1857"]
[PlyCount "90"]
[GameId "2160767909510046"]
[EventDate "2012.03.22"]
[EventType "tourn"]
[EventRounds "9"]
[EventCountry "CAN"]
[SourceTitle "EXT 2022"]
[Source "ChessBase"]
[SourceDate "2021.10.06"]
[SourceVersion "1"]
[SourceVersionDate "2021.10.06"]
[SourceQuality "1"]

1. g3 d5 2. Bg2 e6 3. c4 Nf6 4. Qb3 Nc6 5. Nc3 Nd4 6. Qd1 Be7 7. e3 Nc6 8. Qb3 Nb4 9. cxd5 exd5 10. Nce2 Bf5 11. Nd4 Bg6 12. a3 Nd3+ 13. Kf1 c5 14. Qb5+ Kf8 15. Ndf3 Qc7 16. Nh4 Nxc1 17. Rxc1 Bh5 18. Nf5 a6 19. Qb3 c4 20. Qc3 Rd8 21. Nxe7 Qxe7 22. f3 Bg6 23. Nh3 b5 24. Nf4 Bf5 25. g4 Bc8 26. g5 Ne8 27. h4 h5 28. Qd4 Nc7 29. Bh3 Bxh3+ 30. Rxh3 Qd6 31. Kg2 a5 32. Rf1 b4 33. a4 Qc6 34. Qe5 Re8 35. Qf5 g6 36. Qc2 b3 37. Qc3 Kg8 38. Rg3 Kh7 39. Ne2 Rhf8 40. Qxa5 Ra8 41. Qb4 Qxa4 42. Qe7 Ne6 43. f4 Qc6 44. Kg1 Qc5 45. f5 Qxe7 0-1

[Event "Scarborough CC ch"]
[Site "Toronto CAN"]
[Date "2012.04.05"]
[Round "3"]
[White "Bellissimo, Joseph"]
[Black "Southam, David"]
[Result "1/2-1/2"]
[WhiteElo "1916"]
[BlackElo "2222"]
[PlyCount "81"]
[GameId "2160767909510047"]
[EventDate "2012.03.22"]
[EventType "tourn"]
[EventRounds "9"]
[EventCountry "CAN"]
[SourceTitle "EXT 2022"]
[Source "ChessBase"]
[SourceDate "2021.10.06"]
[SourceVersion "1"]
[SourceVersionDate "2021.10.06"]
[SourceQuality "1"]

1. e4 e6 2. d4 d5 3. e5 c5 4. c3 Nc6 5. Nf3 Bd7 6. a3 c4 7. Nbd2 Na5 8. Be2 Bc6 9. Rb1 Qd7 10. b3 cxb3 11. Nxb3 Nxb3 12. Qxb3 Ne7 13. O-O Ng6 14. c4 Be7 15. cxd5 Bxd5 16. Bb5 Bxb3 17. Bxd7+ Kxd7 18. Rxb3 b6 19. Rd1 Rac8 20. Be3 Rhd8 21. Rbd3 Ke8 22. Ng5 h6 23. Ne4 Rd5 24. f4 Ra5 25. Bc1 Ra4 26. g3 Rcc4 27. Be3 Rc2 28. h4 h5 29. Bd2 Ra2 30. Bb4 Rc2 31. d5 Ra2 32. Kf1 Rh2 33. Kg1 Bxh4 34. dxe6 Be7 35. Bxe7 Kxe7 36. exf7 Ke6 37. Rd6+ Kf5 38. Rxg6 Kxe4 39. Re1+ Kf3 40. Rf1+ Ke3 41. Re1+ 1/2-1/2

[Event "Scarborough CC ch"]
[Site "Toronto CAN"]
[Date "2012.04.05"]
[Round "3"]
[White "Krupka, David"]
[Black "Southam, David"]
[Result "0-1"]
[WhiteElo "2009"]
[BlackElo "2222"]
[PlyCount "68"]
[GameId "2160767909510048"]
[EventDate "2012.03.22"]
[EventType "tourn"]
[EventRounds "9"]
[EventCountry "CAN"]
[SourceTitle "EXT 2022"]
[Source "ChessBase"]
[SourceDate "2021.10.06"]
[SourceVersion "1"]
[SourceVersionDate "2021.10.06"]
[SourceQuality "1"]

1. Nf3 d5 2. d4 c6 3. c4 e6 4. cxd5 exd5 5. Qc2 Bd6 6. Bg5 Ne7 7. e3 Bf5 8. Bd3 Qd7 9. Nc3 Bxd3 10. Qxd3 O-O 11. O-O Ng6 12. Nh4 Qg4 13. Qf5 Qh5 14. Bf6 Qh6 15. Qg5 Qxg5 16. Bxg5 Nxh4 17. Bxh4 f5 18. Bg3 Bxg3 19. hxg3 Nd7 20. Rfc1 a5 21. Na4 Kf7 22. Nc5 Nxc5 23. Rxc5 Ke6 24. Rb1 Kd6 25. Rbc1 Rfc8 26. Kf1 b6 27. R5c2 c5 28. b3 Rc7 29. a4 Rac8 30. Ke2 h6 31. Kd3 Re8 32. Rh1 Ke6 33. Rhc1 Rec8 34. Rc3 Kd6 0-1

[Event "Scarborough CC ch"]
[Site "Toronto CAN"]
[Date "2012.04.05"]
[Round "3"]
[White "Paterson, Jim"]
[Black "Song, Lin"]
[Result "0-1"]
[WhiteElo "1822"]
[BlackElo "1901"]
[PlyCount "90"]
[GameId "2160767909510049"]
[EventDate "2012.03.22"]
[EventType "tourn"]
[EventRounds "9"]
[EventCountry "CAN"]
[SourceTitle "EXT 2022"]
[Source "ChessBase"]
[SourceDate "2021.10.06"]
[SourceVersion "1"]
[SourceVersionDate "2021.10.06"]
[SourceQuality "1"]

1. e4 c5 2. Nc3 Nc6 3. g3 Nf6 4. Bg2 d6 5. d3 e6 6. Nge2 Be7 7. O-O O-O 8. h3 h6 9. Nf4 Rb8 10. a4 Bd7 11. Be3 a6 12. b3 Nb4 13. Qe2 e5 14. Nfd5 Nbxd5 15. exd5 Nh7 16. f4 f5 17. Ra2 Bf6 18. fxe5 Bxe5 19. Qd2 Bxg3 20. Bf4 Bxf4 21. Qxf4 Qf6 22. Ne2 g5 23. Qd2 f4 24. Qc3 Qe7 25. Qd2 Rf7 26. d4 Rbf8 27. Qd3 Bf5 28. Qf3 Nf6 29. c4 Be4 30. Qf2 Bxg2 31. Qxg2 Qe3+ 32. Kh2 cxd4 33. Rf3 Qe5 34. Ng1 Rg7 35. Re2 Qf5 36. Re6 g4 37. Rxf6 g3+ 38. Kh1 Qxf6 39. Qd2 Re7 40. b4 Re3 41. Kg2 Qe5 42. Kf1 Re8 43. Rxe3 Qxe3 44. Qxe3 Rxe3 45. Ne2 g2+ 0-1

[Event "Scarborough CC ch"]
[Site "Toronto CAN"]
[Date "2012.04.12"]
[Round "4"]
[White "Manalo, Pepin"]
[Black "Picana, Andrew"]
[Result "0-1"]
[WhiteElo "1857"]
[BlackElo "2044"]
[PlyCount "74"]
[GameId "2160767909510051"]
[EventDate "2012.03.22"]
[EventType "tourn"]
[EventRounds "9"]
[EventCountry "CAN"]
[SourceTitle "EXT 2022"]
[Source "ChessBase"]
[SourceDate "2021.10.06"]
[SourceVersion "1"]
[SourceVersionDate "2021.10.06"]
[SourceQuality "1"]

1. d4 Nf6 2. Nf3 c5 3. d5 e6 4. c4 exd5 5. cxd5 d6 6. Nc3 Be7 7. e4 O-O 8. Bd3 Bg4 9. Bf4 a6 10. a4 Nbd7 11. h3 Bxf3 12. Qxf3 Re8 13. O-O Bf8 14. Rfe1 Ne5 15. Bxe5 Rxe5 16. Qg3 Nh5 17. Qh2 Qf6 18. Re3 g5 19. Rf3 Qh6 20. Rd1 Rae8 21. g3 Nf6 22. Re3 Nd7 23. f4 R5e7 24. Rde1 Bg7 25. Kg2 Bd4 26. R3e2 Qg7 27. Nd1 gxf4 28. b3 f3+ 29. Kxf3 Ne5+ 30. Kg2 Nxd3 31. Rf1 Rxe4 32. Rxe4 Rxe4 33. Kh1 Qe5 34. Qg2 Re1 35. Qf3 Rxf1+ 36. Qxf1 Qxg3 37. a5 Nf4 0-1

[Event "Scarborough CC ch"]
[Site "Toronto CAN"]
[Date "2012.04.12"]
[Round "4"]
[White "Posaratnanathan, Juliaan"]
[Black "Paterson, Jim"]
[Result "1-0"]
[WhiteElo "1944"]
[BlackElo "1822"]
[PlyCount "109"]
[GameId "2160767909510052"]
[EventDate "2012.03.22"]
[EventType "tourn"]
[EventRounds "9"]
[EventCountry "CAN"]
[SourceTitle "EXT 2022"]
[Source "ChessBase"]
[SourceDate "2021.10.06"]
[SourceVersion "1"]
[SourceVersionDate "2021.10.06"]
[SourceQuality "1"]

1. e4 Nf6 2. e5 Nd5 3. d4 d6 4. c4 Nb6 5. exd6 cxd6 6. Nc3 Bf5 7. Be3 Nc6 8. Rc1 e6 9. Be2 Be7 10. Nf3 O-O 11. O-O Rc8 12. b3 d5 13. c5 Nd7 14. Bd3 Bxd3 15. Qxd3 b6 16. cxb6 Nxb6 17. a4 h6 18. Nb5 a6 19. Nc3 Nb4 20. Qe2 Bf6 21. Na2 Nxa2 22. Qxa2 Qd6 23. Qd2 Rxc1 24. Rxc1 Rc8 25. Rc5 Qb8 26. Bf4 Qb7 27. Qb4 Bxd4 28. Nxd4 Rxc5 29. Qxc5 e5 30. Bxe5 Nxa4 31. Qc1 Nb6 32. Qc7 Qxc7 33. Bxc7 Nd7 34. b4 g6 35. Nc6 Kf8 36. Kf1 Ke8 37. Ke2 Nc5 38. Bb6 Nd7 39. Bd4 f6 40. Kd3 Kf7 41. Be3 g5 42. Kd4 Ke6 43. Nd8+ Ke7 44. Nb7 Ke6 45. Nc5+ Nxc5 46. Kxc5 f5 47. Bd4 f4 48. f3 h5 49. h3 Kf5 50. Kxd5 g4 51. hxg4+ hxg4 52. fxg4+ Kxg4 53. Kc6 Kg3 54. Kb6 Kxg2 55. Kxa6 1-0

[Event "Scarborough CC ch"]
[Site "Toronto CAN"]
[Date "2012.04.12"]
[Round "4"]
[White "Southam, David"]
[Black "Armstrong, Robert J"]
[Result "1-0"]
[WhiteElo "2222"]
[BlackElo "1683"]
[PlyCount "59"]
[GameId "2160767909510053"]
[EventDate "2012.03.22"]
[EventType "tourn"]
[EventRounds "9"]
[EventCountry "CAN"]
[SourceTitle "EXT 2022"]
[Source "ChessBase"]
[SourceDate "2021.10.06"]
[SourceVersion "1"]
[SourceVersionDate "2021.10.06"]
[SourceQuality "1"]

1. d4 g6 2. c4 Bg7 3. e4 c5 4. d5 Qb6 5. Nc3 Bxc3+ 6. bxc3 d6 7. Bd3 Nf6 8. f4 h5 9. h3 h4 10. Qf3 Nh5 11. Ne2 f5 12. O-O fxe4 13. Bxe4 Bf5 14. Bxf5 gxf5 15. Qd3 Ng7 16. Rb1 Qc7 17. Kh2 Nd7 18. Ng1 Nf6 19. Nf3 Ne4 20. Bd2 O-O-O 21. Be1 Ng3 22. Bxg3 hxg3+ 23. Kxg3 Kb8 24. Ng5 Rdg8 25. Kh2 Qc8 26. Rfe1 Qe8 27. Qe3 Qg6 28. Qxe7 b6 29. Qf7 Nh5 30. Re8+ 1-0

[Event "Scarborough CC ch"]
[Site "Toronto CAN"]
[Date "2012.04.19"]
[Round "4"]
[White "Bellissimo, Joseph"]
[Black "Posaratnanathan, Juliaan"]
[Result "1-0"]
[WhiteElo "1916"]
[BlackElo "1944"]
[PlyCount "59"]
[GameId "2160767909510054"]
[EventDate "2012.03.22"]
[EventType "tourn"]
[EventRounds "9"]
[EventCountry "CAN"]
[SourceTitle "EXT 2022"]
[Source "ChessBase"]
[SourceDate "2021.10.06"]
[SourceVersion "1"]
[SourceVersionDate "2021.10.06"]
[SourceQuality "1"]

1. e4 c5 2. c3 d5 3. exd5 Qxd5 4. d4 Nc6 5. Nf3 cxd4 6. cxd4 e5 7. Nc3 Bb4 8. Bd2 Bxc3 9. Bxc3 e4 10. Ne5 Nxe5 11. dxe5 Ne7 12. Qe2 O-O 13. Rd1 Qxa2 14. Bb4 Qe6 15. Qxe4 Re8 16. Bb5 Nc6 17. O-O a6 18. Rd6 Qg4 19. Bxc6 bxc6 20. Qxc6 Bb7 21. Qxb7 Rab8 22. Qxa6 Qxb4 23. e6 fxe6 24. Rxe6 Qxb2 25. Rfe1 Rf8 26. R6e2 Qd4 27. Qe6+ Kh8 28. Qe5 Qd7 29. h3 Rbe8 30. Qxe8 1-0

[Event "Scarborough CC ch"]
[Site "Toronto CAN"]
[Date "2012.04.19"]
[Round "5"]
[White "Armstrong, Robert J"]
[Black "Krupka, David"]
[Result "1-0"]
[WhiteElo "1683"]
[BlackElo "2009"]
[PlyCount "88"]
[GameId "2160767909510055"]
[EventDate "2012.03.22"]
[EventType "tourn"]
[EventRounds "9"]
[EventCountry "CAN"]
[SourceTitle "EXT 2022"]
[Source "ChessBase"]
[SourceDate "2021.10.06"]
[SourceVersion "1"]
[SourceVersionDate "2021.10.06"]
[SourceQuality "1"]

1. g3 Nf6 2. Bg2 g6 3. c4 Bg7 4. Qb3 c6 5. Nc3 O-O 6. d4 d6 7. Bg5 Nbd7 8. h4 Rb8 9. a4 h6 10. Bd2 a6 11. e3 e5 12. Nge2 Qe7 13. d5 Nc5 14. Qc2 cxd5 15. Nxd5 Nxd5 16. Bxd5 Bf5 17. e4 Bg4 18. b4 Ne6 19. Be3 Nc7 20. Nc3 Rfc8 21. Ba7 Ra8 22. Bb6 Nxd5 23. Nxd5 Qe6 24. Rc1 Qd7 25. Be3 Bf3 26. Nb6 Qg4 27. Rh2 Bxe4 28. Qd2 Kh7 29. Nxa8 Rxa8 30. Qxd6 Bf8 31. Qd2 Be7 32. Bb6 Rc8 33. c5 Bc6 34. a5 Bb5 35. Rb1 Rc6 36. Qe3 Rf6 37. Rb3 Qc4 38. Rc3 Qxb4 39. Kd2 e4 40. f4 exf3 41. Rf2 Re6 42. Qf4 Re4 43. Qxe4 Qxe4 44. Rcxf3 f5 1-0

[Event "Scarborough CC ch"]
[Site "Toronto CAN"]
[Date "2012.04.19"]
[Round "5"]
[White "Song, Lin"]
[Black "Lin, Tony (Juntao)"]
[Result "0-1"]
[WhiteElo "1901"]
[BlackElo "2042"]
[PlyCount "72"]
[GameId "2160767909510056"]
[EventDate "2012.03.22"]
[EventType "tourn"]
[EventRounds "9"]
[EventCountry "CAN"]

1. e4 e6 2. f4 d5 3. e5 c5 4. c3 Nc6 5. Nf3 Nh6 6. d4 Qb6 7. Bd3 Bd7 8. Bc2 Rc8 9. a3 a5 10. h3 Be7 11. b3 cxd4 12. cxd4 Nf5 13. Bxf5 exf5 14. Be3 Na7 15. O-O O-O 16. a4 Rc7 17. Ra2 Rfc8 18. Rff2 h6 19. Kh2 Be6 20. Rab2 Bf8 21. Nh4 Be7 22. Nf3 Bd7 23. g3 Nc6 24. Ne1 Nb4 25. Nd3 Qa6 26. Nxb4 Bxb4 27. g4 g6 28. g5 h5 29. Rfc2 b5 30. Rxc7 Rxc7 31. axb5 Bxb5 32. Bd2 Bd3 33. Bxb4 axb4 34. Rd2 Be4 35. Rb2 Qa1 36. Re2 Qxb1 0-1

[Event "Scarborough CC ch"]
[Site "Toronto CAN"]
[Date "2012.04.26"]
[Round "6"]
[White "Krupka, David"]
[Black "Picana, Andrew"]
[Result "0-1"]
[WhiteElo "2009"]
[BlackElo "2044"]
[PlyCount "76"]
[GameId "2160767909510057"]
[EventDate "2012.03.22"]
[EventType "tourn"]
[EventRounds "9"]
[EventCountry "CAN"]
[SourceTitle "EXT 2022"]
[Source "ChessBase"]
[SourceDate "2021.10.06"]
[SourceVersion "1"]
[SourceVersionDate "2021.10.06"]
[SourceQuality "1"]

1. d4 Nf6 2. c4 c5 3. e3 e6 4. Nf3 Be7 5. d5 exd5 6. cxd5 d6 7. Nc3 O-O 8. Be2 Bg4 9. O-O Nbd7 10. b3 a6 11. a4 Re8 12. Bb2 Bf8 13. Qc2 Bh5 14. Rad1 Rb8 15. Rfe1 h6 16. Nd2 Bxe2 17. Rxe2 b5 18. axb5 axb5 19. e4 Ne5 20. Rde1 c4 21. bxc4 bxc4 22. Ba1 Qc7 23. h3 Nh5 24. g3 g5 25. Kg2 Bg7 26. Rf1 Nd3 27. Nf3 Qc8 28. Ng1 g4 29. h4 Nf6 30. Rb1 Nd7 31. Rxb8 Qxb8 32. Qa4 N7e5 33. Ra2 Nc5 34. Qd1 Qb3 35. Rd2 Qxd1 36. Rxd1 Ned3 37. Nb5 Nxe4 38. Bxg7 Kxg7 0-1

[Event "Scarborough CC ch"]
[Site "Toronto CAN"]
[Date "2012.04.26"]
[Round "6"]
[White "Manalo, Pepin"]
[Black "Bellissimo, Joseph"]
[Result "1/2-1/2"]
[WhiteElo "1857"]
[BlackElo "1916"]
[PlyCount "91"]
[GameId "2160767909510058"]
[EventDate "2012.03.22"]
[EventType "tourn"]
[EventRounds "9"]
[EventCountry "CAN"]
[SourceTitle "EXT 2022"]
[Source "ChessBase"]
[SourceDate "2021.10.06"]
[SourceVersion "1"]
[SourceVersionDate "2021.10.06"]
[SourceQuality "1"]

1. e4 e6 2. d3 d5 3. Nd2 c5 4. Ngf3 Nc6 5. g3 Bd6 6. Bg2 Nge7 7. O-O O-O 8. Re1 Qc7 9. c3 d4 10. Nc4 e5 11. Bd2 b5 12. Nxd6 Qxd6 13. cxd4 cxd4 14. a3 a6 15. Rc1 f6 16. h4 Be6 17. h5 a5 18. Nh4 b4 19. Nf5 Nxf5 20. exf5 Bd5 21. Be4 Bxe4 22. Rxe4 Ne7 23. axb4 axb4 24. Rc4 Rab8 25. Qg4 Rf7 26. h6 Qd7 27. Bxb4 Nxf5 28. hxg7 Rxg7 29. Qf3 Nd6 30. Bxd6 Qxd6 31. Qf5 Rd8 32. b4 Qb6 33. Rh4 Ra8 34. Kh2 Rf8 35. Rh6 Qd6 36. Qe4 f5 37. Qc6 Qxc6 38. Rhxc6 Rb7 39. f3 Rfb8 40. Rc8+ Rxc8 41. Rxc8+ Kf7 42. Rc4 Ke6 43. Kg2 Rb5 44. Kf2 Kd5 45. Ke2 h5 46. Kd2 1/2-1/2

[Event "Scarborough CC ch"]
[Site "Toronto CAN"]
[Date "2012.05.31"]
[Round "6"]
[White "Lin, Tony (Juntao)"]
[Black "Armstrong, Robert J"]
[Result "1-0"]
[WhiteElo "2042"]
[BlackElo "1641"]
[PlyCount "42"]
[GameId "2160767909510059"]
[EventDate "2012.03.22"]
[EventType "tourn"]
[EventRounds "9"]
[EventCountry "CAN"]

1. d4 g6 2. e4 Bg7 3. Nc3 c5 4. Nf3 cxd4 5. Nxd4 Nc6 6. Be3 a6 7. Be2 e6 8. O-O Nge7 9. Kh1 h5 10. f4 Qc7 11. f5 Be5 12. Nf3 exf5 13. Nxe5 Qxe5 14. Bf4 Qg7 15. exf5 gxf5 16. Bf3 Ne5 17. Bxe5 Qxe5 18. Re1 Qg7 19. Nd5 Kf8 20. Nxe7 d5 21. Nxd5 Rb8 1-0

[Event "Scarborough CC ch"]
[Site "Toronto CAN"]
[Date "2012.05.03"]
[Round "7"]
[White "Paterson, Jim"]
[Black "Krupka, David"]
[Result "1/2-1/2"]
[WhiteElo "1822"]
[BlackElo "2009"]
[PlyCount "67"]
[GameId "2160767909510060"]
[EventDate "2012.03.22"]
[EventType "tourn"]
[EventRounds "9"]
[EventCountry "CAN"]
[SourceTitle "EXT 2022"]
[Source "ChessBase"]
[SourceDate "2021.10.06"]
[SourceVersion "1"]
[SourceVersionDate "2021.10.06"]
[SourceQuality "1"]

1. e4 c6 2. Nc3 d5 3. exd5 cxd5 4. d4 Nc6 5. Nf3 Bg4 6. Be2 e6 7. O-O Nf6 8. Bf4 Be7 9. Ne5 Bxe2 10. Nxe2 Qb6 11. Nxc6 Qxc6 12. c3 O-O 13. Ng3 b5 14. Qe2 Rfc8 15. Rfc1 a5 16. a3 Nd7 17. Nh5 g6 18. Ng3 Nb6 19. Bh6 Nc4 20. f4 Bf6 21. Bg5 Bg7 22. Re1 b4 23. axb4 axb4 24. Be7 bxc3 25. bxc3 Nb6 26. Bb4 Ra4 27. Qd2 Nc4 28. Qd1 Rca8 29. Rxa4 Qxa4 30. Qxa4 Rxa4 31. Ne2 Nd2 32. Rd1 Nc4 33. Kf2 Ra2 34. Kf3 1/2-1/2